Letters of intent (Record no. 72619)

MARC details
000 -LEADER
fixed length control field 00799cam a2200193 4500
001 - CONTROL NUMBER
control field ABS66571
008 - FIXED-LENGTH DATA ELEMENTS--GENERAL INFORMATION
fixed length control field 030502n2003 000 0 eng u
035 ## - SYSTEM CONTROL NUMBER
System control number (Sirsi) u122182
100 ## - MAIN ENTRY--PERSONAL NAME
Personal name Langley, R.
245 ## - TITLE STATEMENT
Title Letters of intent
260 ## - PUBLICATION, DISTRIBUTION, ETC.
Date of publication, distribution, etc. 2003
490 ## - SERIES STATEMENT
Series statement Cost Engineer
Volume/sequential designation 41(2) March 2003, 21(1)
520 ## - SUMMARY, ETC.
Summary, etc. Offers guidelines on dealing with letters of intent. Adviss that they should only be used wheree there is a good reason and where there is a clear strategy for replacing them with signed contracts within a few days or weeks.
590 ## - LOCAL NOTE (RLIN)
Local note ABS
650 ## - SUBJECT ADDED ENTRY--TOPICAL TERM
Topical term or geographic name entry element LETTERS OF INTENT
650 ## - SUBJECT ADDED ENTRY--TOPICAL TERM
Topical term or geographic name entry element BUILT ENVIRONMENT-BUILDING CONTRACT FORMS-STANDARD FORMS OF BUILDING CONTRACT-JOINT CONTRACTS TRIBNUAL CONTRACTS
690 ## - LOCAL SUBJECT ADDED ENTRY--TOPICAL TERM (OCLC, RLIN)
Topical term or geographic name as entry element BUILT ENVIRONMENT-BUILDING CONTRACT FORMS
942 ## - ADDED ENTRY ELEMENTS (KOHA)
Suppress in OPAC 0
Holdings
Withdrawn status Lost status Source of classification or shelving scheme Damaged status Not for loan Home library Current library Shelving location Date acquired Total Checkouts Full call number Barcode Date last seen Copy number Price effective from Koha item type
    Dewey Decimal Classification     London London Journal article 02/05/2003   ABS66571 122182-1001 06/08/2019 1 06/08/2019 Journal article